|
|
|
|
| LEADER |
02508nam a22003613i 4500 |
| 001 |
EBC7014835 |
| 003 |
MiAaPQ |
| 005 |
20231204023225.0 |
| 006 |
m o d | |
| 007 |
cr cnu|||||||| |
| 008 |
231204s2023 xx o ||||0 eng d |
| 020 |
|
|
|a 9788395669613
|q (electronic bk.)
|
| 035 |
|
|
|a (MiAaPQ)EBC7014835
|
| 035 |
|
|
|a (Au-PeEL)EBL7014835
|
| 035 |
|
|
|a (OCoLC)1330935060
|
| 040 |
|
|
|a MiAaPQ
|b eng
|e rda
|e pn
|c MiAaPQ
|d MiAaPQ
|
| 082 |
0 |
|
|a 371.9
|
| 100 |
1 |
|
|a Bulgarelli, Daniela.
|
| 245 |
1 |
0 |
|a Perspectives and Research on Play for Children with Disabilities :
|b Collected Papers.
|
| 250 |
|
|
|a 1st ed.
|
| 264 |
|
1 |
|a Warschau/Berlin :
|b Walter de Gruyter GmbH,
|c 2023.
|
| 264 |
|
4 |
|c Ã2022.
|
| 300 |
|
|
|a 1 online resource (205 pages)
|
| 336 |
|
|
|a text
|b txt
|2 rdacontent
|
| 337 |
|
|
|a computer
|b c
|2 rdamedia
|
| 338 |
|
|
|a online resource
|b cr
|2 rdacarrier
|
| 505 |
0 |
|
|a Intro -- Contents -- Preface -- Introduction -- 1 Theoretical models for enabling play from a child-centred perspective -- 2 Empowering and enabling play in differing settings -- 3 Studies On Play For Children With Disabilities: Exploring The Interdisciplinary Approach -- 4 Children with and without disabilities in disasters. A narrative overview of play-based interventions into the humanitarian programmes and researches -- 5 Usability and accessibility of toys and technologies for play for children with disabilities: Scoping review of guidelines and tools -- 6 Guidelines for parents, professionals, designers, makers and researchers on toys and technologies for play for children with disabilities: How to take usability and accessibility aspects into consideration? -- 7 Parents' perspectives on the play of children with sensory disabilities: a comparative study -- 8 Inclusive Play and Disability in Early Childhood Education and Care Services. The Experiences of Italian Practitioners -- 9 Contributors.
|
| 588 |
|
|
|a Description based on publisher supplied metadata and other sources.
|
| 590 |
|
|
|a Electronic reproduction. Ann Arbor, Michigan : ProQuest Ebook Central, 2023. Available via World Wide Web. Access may be limited to ProQuest Ebook Central affiliated libraries.
|
| 655 |
|
4 |
|a Electronic books.
|
| 776 |
0 |
8 |
|i Print version:
|a Bulgarelli, Daniela
|t Perspectives and Research on Play for Children with Disabilities
|d Warschau/Berlin : Walter de Gruyter GmbH,c2023
|
| 797 |
2 |
|
|a ProQuest (Firm)
|
| 856 |
4 |
0 |
|u https://ebookcentral.proquest.com/lib/matrademy/detail.action?docID=7014835
|z Click to View
|